000 01464cam a22003258a 4500
001 13734124
005 20101019120123.0
008 040928s2005 nyu b 001 0 eng
010 _a 2004056445
020 _a0273686887
020 _a9780273686880
040 _aDLC
_cDLC
042 _apcc
050 0 0 _aHF1416
_b.B72 2005
082 0 0 _a658.84
_222
_bBRA
100 1 _aBradley, Frank,
_d1942-
_923166
245 1 0 _aInternational Marketing Strategy /
_cFrank Bradley.
250 _a5th ed.
260 _aNew York :
_bFT/Prentice Hall, 2005
_cc2005.
263 _a0411
300 _axxvii, 408 p. :
_bill.;
_c22 cm.
504 _aIncludes bibliographical references and index.
650 0 _aExport marketing
_xManagement.
_923167
856 _3Companion websites and instructor resources
_uhttp://www.pearsoned.co.uk/bradley
942 _2ddc
_cNB
999 _c15140
_d15140